Inventario Provisional de la Hemeroteca del Protectorado / (Record no. 27907)

MARC details
000 -LEADER
campo de control de longitud fija 00961nam a2200229 i 4500
001 - NÚMERO DE CONTROL
campo de control 27907
003 - IDENTIFICADOR DE NÚMERO DE CONTROL
campo de control ES-MaACL
005 - FECHA Y HORA DE LA ÚLTIMA TRANSACCIÓN
campo de control 20230921101142.0
007 - CAMPO FIJO DE DESCRIPCIÓN FÍSICA--INFORMACIÓN GENERAL
campo de control de longitud fija t|
008 - DATOS DE LONGITUD FIJA--INFORMACIÓN GENERAL
campo de control de longitud fija 030115s1953 sp ||||1| spa d
100 1# - ENTRADA PRINCIPAL--NOMBRE DE PERSONA
Nombre de persona Bacaicoa Arnáiz, Dora.
9 (RLIN) 24431
245 10 - MENCIÓN DEL TÍTULO
Título Inventario Provisional de la Hemeroteca del Protectorado /
Mención de responsabilidad, etc. Redactado por Dora Bacaicoa Arnáiz ; con la colaboración de Manuel Requena Córdoba.
260 ## - PUBLICACIÓN, DISTRIBUCIÓN, ETC.
Lugar de publicación, distribución, etc. Tetuán :
Nombre del editor, distribuidor, etc. Editorial Marroquí,
Fecha de publicación, distribución, etc. 1953 (
Fabricante Cremades)
300 ## - DESCRIPCIÓN FÍSICA
Extensión 291 p. ;
Dimensiones 29 cm.
500 ## - NOTA GENERAL
Nota general Precede al tít.: Alta Comisaría de España en Marruecos. Dirección de Archivos y Bibliotecas del Protectorado.
650 #4 - PUNTO DE ACCESO ADICIONAL DE MATERIA--TÉRMINO DE MATERIA
Término de materia o nombre geográfico como elemento de entrada Periódicos-
Subdivisión geográfica Marruecos (Protectorado Español)
9 (RLIN) 154884
700 1# - ENTRADA AGREGADA--NOMBRE PERSONAL
Nombre de persona Requena Córdoba, Manuel.
9 (RLIN) 96298
710 2# - ENTRADA AGREGADA--NOMBRE DE ENTIDAD CORPORATIVA
Nombre de entidad corporativa o nombre de jurisdicción como elemento de entrada Marruecos (Protectorado Español).
Unidad subordinada Dirección de Archivos y Bibliotecas.
9 (RLIN) 5654
852 ## - LOCALIZACIÓN
Ubicación ES-MaACL
Número de control de estantería C-7479
Sublocalización o colección R.34484
itemnumber 28968
942 ## - ELEMENTOS DE ENTRADA SECUNDARIOS (KOHA)
Fuente del sistema de clasificación o colocación Clasificación decimal universal
Holdings
Estatus retirado Estado de pérdida Fuente del sistema de clasificación o colocación Estado de daño No para préstamo Colección Biblioteca de origen Biblioteca actual Ubicación en estantería Fecha de adquisición Total de préstamos Signatura topográfica completa Código de barras Visto por última vez Precio de reemplazo Tipo de ítem Koha
    Clasificación decimal universal     Biblioteca profesional Biblioteca del Ateneo de Madrid Biblioteca del Ateneo de Madrid Sala Palomar 17/01/2008   C-7479 1028814 23/02/2023 23/02/2023 Libro impreso